Quiz de Animais com a Letra A - Statistics

Estatísticas Gerais
  • Esse quiz foi jogado 154 vezes
  • A pontuação média é 7 de 36
Estatísticas das Respostas
Dica Resposta % Correto
Ave Avestruz
72%
Antropode Aranha de Cruz
69%
Mamífero Anta
65%
Ave Arara
65%
Antropode Abelha
55%
Ave Águia de Cabeça Branca
51%
Ave Águia Pesqueira
51%
Ave Águia Real
51%
Ave Andorinha
48%
Ave Andorinha do Mar
48%
Mamífero Alce
34%
Peixe Atum
23%
Mamífero Alpaca
18%
Ave Abutre
17%
Ave Albatroz
15%
Mamífero Asno
14%
Reptil Aligator
9%
Invertebrado Anêmona do Mar
9%
Peixe Anchova
6%
Peixe Acará Disco
5%
Mamífero Arminho
5%
Ave Abelharuco
2%
Mamífero Antilocapra
2%
Mamífero Argali
2%
Mamífero Arganaz
2%
Ave Ave do Paraíso
2%
Invertebrado Abalone
2%
Ave Abetarda
1%
Ave Abetouro
1%
Ave Abibe
1%
Peixe Acerina
1%
Antropode Afídio
1%
Antropode Alfaiate
1%
Ave Andorinhão
1%
Mamífero Almiscareiro
1%
Ave Alvéola
1%
Nenhum quiz correspondente encontrado
Distribuição das Pontuações
Porcentagem de Pessoas com Cada Pontuação
Percentil de Números Respondidos
Sua Pontuação Histórica
Você não jogou esse quiz